banner koha

Revista da cerveja técnica (Brasil) / (Registro n. 9793)

MARC details
000 -LÍDER
Campo de controle fixo 00605nas a22002057a 4500
003 - CÓDIGO MARC DA AGÊNCIA CATALOGADORA
Campo de controle BR-BrBNA
005 - DATA E HORA DA ÚLTIMA ATUALIZAÇÃO
Campo de controle 20230810163152.0
008 - CAMPO DE TAMANHO FIXO
Campo fixo de controle 230810b bl.||||| |||| 00| 0 por d
022 ## - ISSN - INTERNATIONAL STANDARD SERIAL NUMBER
Número do ISSN 2319-0027
035 ## - CÓDIGO BINAGRI
Número BINAGRI 000485-5
040 ## - FONTE DA CATALOGAÇÃO
Agência catalogadora Biblioteca Nacional de Agricultura
Idioma da catalogação por
042 ## - CÓDIGO SIPS
Código do periódico CCN 0
245 ## - TÍTULO PRINCIPAL
Título principal Revista da cerveja técnica (Brasil) /
260 ## - IMPRENTA (PUBLICAÇÃO, DISTRIBUIÇÃO, ETC.)
Lugar de publicação, distribuição, etc. Porto Alegre - RS:
Nome do editor, distribuidor, etc. Fabrício Scalco,
Data de publicação, distribuição, etc 2012.
310 ## - ÚLTIMA PERIODICIDADE
Periodicidade atual da publicação Bimestral
650 ## - ENTRADA DE ASSUNTO - ASSUNTO TÓPICO
Cabeçalho tópico ou nome geográfico CERVEJA
Fonte do cabeçalho ou term Thesaurus Agrícola Nacional
909 ## - IDENTIFICAÇÃO DO CATALOGADOR
Ano e mês da catalogação (aaaamm) 08/2023
Identificação do catalogador Sarah
942 ## - TIPO ESPECÍFICO
Tipo de material periodico
505 ## - NOTA DE COLEÇÃO
Nota de conteúdo 2021, 9 (3); 2015, 9 (18); 2018 7 (35); 2018 7 (36).
Exemplares
Status de empréstimo Fonte de classificação Status de danificação Não pode ser emprestado Código da coleção Localização permanente Localização atual Localização na estante Enumeração de periódico Total Checkouts Código de barras Date last seen Tipo de material Perdido Data de aquisição Fonte de aquisição Qualificador de localização codificada Preço Número de inventário Preço para reposição Preço efetivo a partir de
  AGRIS   1 PERIÓDICOS 41918 41918 AGROBASE PER 2015, 4 (18)   2023-436085 10/08/2023 CR                
  AGRIS   1 PERIÓDICOS 41918 41918 AGROBASE PER 2018, 7 (35)   2023-436086 10/08/2023 CR                
  AGRIS   1 PERIÓDICOS 41918 41918 AGROBASE PER 2018, 7 (36)   2023-436087 10/08/2023 CR                
  AGRIS   1 PERIÓDICOS 41918 41918 AGROBASE PER 2021, 9 (3)     10/08/2023 CR                

BINAGRI

Telefone: (61)3218-2567/2388/3357/2097 - binagri@agro.gov.br

Ministério da Agricultura e Pecuária , Esplanada dos Ministérios, Bloco D, Anexo B, Brasília/DF, CEP: 70.043-900